Je možná automatizace bankovních poboček?

Alternatívna cesta automatizácie bankových pobočiek prostredníctvom bankových kioskov. Väčšia časť služieb sa uskutočňuje v prostredí internetu alebo bankových automatov. Inovácia a spokojnosť klientov, ktorí by si mohli riadiť najzákladnejšie bankové operácie vo virtuálnych pobočkách.

Na minha lista:
Detalhes bibliográficos
Autor principal: Sobková, Martina
Formato: Capítulo de Livro
Idioma:tcheco
Assuntos:
Tags: Adicionar Tag
Sem tags, seja o primeiro a adicionar uma tag!

MARC

LEADER 00000naa a2200000 4500
001 0210112
005 20231211083937.6
041 0 |a cze 
044 |a CZ 
245 1 0 |a Je možná automatizace bankovních poboček?  |c Martina Sobková 
520 |a Alternatívna cesta automatizácie bankových pobočiek prostredníctvom bankových kioskov. Väčšia časť služieb sa uskutočňuje v prostredí internetu alebo bankových automatov. Inovácia a spokojnosť klientov, ktorí by si mohli riadiť najzákladnejšie bankové operácie vo virtuálnych pobočkách. 
610 2 0 |a banky 
610 2 0 |a bankovníctvo 
610 2 0 |a služby bankové 
610 2 0 |a služby finančné 
610 2 0 |a operácie bankové 
610 2 0 |a pobočky bankové 
610 2 0 |a internet 
610 2 0 |a realita virtuálna 
100 1 |a Sobková, Martina